La revolución bajo el velo /

Con la llegada del Ayatola Khomeini al poder en Irán, en 1979, se instaló en el país, como es sabido, un régimen fundamentalista islámico, cuya manifestación externa más visible y condenada desde Occidente, fue la obligación del uso del velo para las mujeres. La presente obra profundiza en el signif...

Disgrifiad llawn

Wedi'i Gadw mewn:
Manylion Llyfryddiaeth
Prif Awdur: Adelkhah, Fariba (autor)
Fformat: Llyfr
Iaith:Sbaeneg
Cyhoeddwyd: Barcelona, España : Bellaterra, 1996, c1996
Cyfres:(Biblioteca del Islam Contemporáneo ; 4)
Pynciau:
Tagiau: Ychwanegu Tag
Dim Tagiau, Byddwch y cyntaf i dagio'r cofnod hwn!

MARC

LEADER 00000nam^a2200000^a^4500
001 000146472
005 20250521000000.0
009 20260310095911.76
020 |a 84-7290-080-0 
037 |a Acervo ITESO - Biblioteca 
041 |a ESP 
082 |a 909. 097671  |b BIB V. 4 
100 |a Adelkhah, Fariba  |e (autor) 
245 1 3 |a La revolución bajo el velo /  |c F. Adelkhah ; tr. por Juan Vivanco. 
246 2 |a Título en la cubierta: La revolución bajo el velo: mujer iraní y régimen islamista 
264 4 |a Barcelona, España :  |b Bellaterra,  |c 1996, c1996 
300 |a 312 p. 
336 |a texto  |b txt  |2 rdacontenido 
337 |a sin mediación  |b n  |2 rdamedio 
338 |a volumen  |b nc  |2 rdasoporte 
440 1 |a (Biblioteca del Islam Contemporáneo ;  |v 4) 
500 |a Traducción de: La révolution sous le voile 
520 |a Con la llegada del Ayatola Khomeini al poder en Irán, en 1979, se instaló en el país, como es sabido, un régimen fundamentalista islámico, cuya manifestación externa más visible y condenada desde Occidente, fue la obligación del uso del velo para las mujeres. La presente obra profundiza en el significado socio-político de tal hecho, poniendo de manifiesto las dos grandes posturas que existen al respecto: por un lado quienes lo defienden como símbolo de la identidad de la mujer islámica, y por otro quienes lo consideran una manifestación del sometimiento y discriminación de la mujer. 
649 |a XX 
650 |a Mujeres Iraníes -  |x Condiciones Políticas 
650 |a Mujeres Iraníes -  |x Condiciones Laborales 
650 |a Mujeres Iraníes -  |x Condiciones Sociales y Culturales -  |x Tema Principal 
650 |a Mujeres Arabes -  |x Condiciones Políticas 
650 |a Mujeres Arabes -  |x Condiciones Laborales 
650 |a Mujeres Arabes -  |x Condiciones Sociales y Culturales 
650 |a Arabes -  |x Condiciones Políticas 
650 |a Arabes -  |x Condiciones Laborales 
650 |a Arabes -  |x Condiciones Sociales y Culturales 
650 |a Islamismo y Estado -  |z Irán 
650 |a Velo -  |z Irán -  |x Aspectos Sociales y Culturales -  |x Tema Principal 
650 |a Velo -  |z Irán -  |x Aspectos Políticos 
650 |a Vestido -  |x Aspectos Sociales y Culturales 
650 |a Vestido -  |x Aspectos Políticos 
650 |a Discriminación de Género 
650 |a Roles de Género 
650 |a Género 
650 |a Feminismo 
650 |a Población Económicamente Activa 
650 |a Participación Política 
650 |a Identidad Cultural 
650 |a Prácticas Culturales 
650 |a Política de Género 
650 |a Nacionalismo 
650 |a Secularización 
650 |a Fundamentalismo Religioso 
650 |a Fundamentalismo Político 
650 |a Política y Religión -  |z Irán -  |x Historia -  |y Ayatolah Ruhollah Jomeini, 1979-1989 
650 |a Política y Religión -  |z Irán -  |x Historia -  |y Ali Khamenei, 1989 en Adelante 
650 |a Política y Religión -  |z Irán -  |x Historia -  |y República Islámica, 1979 en Adelante 
650 |a Política y Religión -  |z Irán -  |x Historia -  |y Siglo XX 
650 |a Política -  |z Irán -  |x Historia -  |y Ayatolah Ruhollah Jomeini, 1979-1989 
650 |a Política -  |z Irán -  |x Historia -  |y Ali Khamenei, 1989 en Adelante 
650 |a Política -  |z Irán -  |x Historia -  |y República Islámica, 1979 en Adelante 
650 |a Política -  |z Irán -  |x Historia -  |y Siglo XX 
650 |a Irán -  |x Condiciones Sociales y Culturales 
650 |a Irán -  |x Condiciones Políticas 
910 |a Fondo General 
920 |a Impresos - Libros 
930 |a Colección General 
905 |a 101 
901 |a 0500075849  |b IT1  |c ACC  |u 20250521 
902 |a https://opac.biblio.iteso.mx/vufind/Record/000146472